000
00411 a2200157 4500
005
20240506165916.0
010
_a
B-758869
035
_a
B-758869
037
_b
Gift/Unesco
082
_a
362.76
245
_a
Child Protection/
260
_b
Unicef
_c
2004
300
_a
162 p.;
_c
22cm. (pbk)
942
_a
dpl
_c
EN
_2
ddc
_h
362.76
_m
CHI
999
_c
202713
_d
202713